| 000 | 00856nam a22002055i 4500 | ||
|---|---|---|---|
| 001 | 159655 | ||
| 003 | ES-MaACL | ||
| 005 | 20251207150625.0 | ||
| 008 | 991203s1875 fr |||| | fre d | ||
| 040 |
_aCAM _bspa _cCAM |
||
| 100 | 1 |
_aMill, John Stuart, _d1806-1873 _981119 |
|
| 245 | 1 | 3 |
_aLa révolution de 1848 et ses détracteurs / _cpar J. Stuart Mill; traduction et préface de Sadi Carnot. |
| 260 |
_aParis : _bLibrairie Germer Bailliére, _c1875 ( _eCoulommiers : _fTypog. A. Moussin) |
||
| 300 |
_aXXX, 129 p. ; _c18 cm. |
||
| 650 | 4 |
_aRevoluciones- _zEuropa- _yS.XIX. _9147658 |
|
| 651 | 7 |
_aFrancia- _xHistoria- _y1848, Revolución de febrero _2 _9147659 |
|
| 700 | 1 |
_aCarnot, Sadi, _d1796-1832 _935388 |
|
| 852 |
_aES-MaACL _jT-286-F-2 _z-- Enc. hol. _q-- Falto de la cub. original _z-- Enc. en un vol. facticio |
||
| 999 |
_c159655 _d159655 |
||